Jean Duns Scot: introduction a ses positions fondamentales
Saved in:
| Hovedforfatter: | |
|---|---|
| Format: | Bog |
| Sprog: | fransk |
| Udgivet: |
París
J. Vrin
1952
|
| Serier: | Etudes de Philosophie Médiévale, 42
|
| Fag: | |
| Tags: |
Tilføj Tag
Ingen Tags, Vær først til at tagge denne postø!
|
MARC
| LEADER | 00000nam a2200000 a 4500 | ||
|---|---|---|---|
| 001 | UCZ3732 | ||
| 003 | CL-VaPUC | ||
| 008 | 951027e19520000FR |||||||||||||||||fre|d | ||
| 082 | 0 | 4 | |a 189.4 |b GIL |2 21 |
| 100 | |a Gilson, Étienne |e autor |9 349171 | ||
| 245 | 1 | 0 | |a Jean Duns Scot: introduction a ses positions fondamentales |
| 300 | |a 700 p | ||
| 942 | |c BK | ||
| 945 | |d 19951027 00:00:00 |a cmena | ||
| 260 | |a París |b J. Vrin |c 1952 | ||
| 600 | 0 | 7 | |a DUNS ESCOTUS, JOHN |2 CL-VaPUC |9 345667 |
| 650 | 0 | |a Escolasticismo |9 264998 | |
| 650 | 0 | |a Filosofía medieval |9 256245 | |
| 650 | 0 | |a Metafísica |9 265649 | |
| 650 | 0 | |a Lógica |9 256849 | |
| 650 | 0 | |a Filosofía de la naturaleza |9 265899 | |
| 583 | |a last modification |c 19951027 00:00:00 |k Rodrigo Vera | ||
| 490 | 0 | |a Etudes de Philosophie Médiévale, 42 | |
| 999 | |c 240181 |d 240179 | ||
| 952 | |0 0 |1 0 |4 0 |6 189_400000000000000_GIL_1952 |7 0 |8 P |9 251898 |a BIBEDU |b BIBEDU |c BIBEDU_PB |d 2019-11-18 |i 1588311 |o 189.4 GIL 1952 |p 1588311 |r 2024-01-25 |w 2019-11-18 |y BK |k FIL | ||
| 952 | |0 0 |1 0 |4 0 |6 189_400000000000000_GIL_1952 |7 0 |8 P |9 251899 |a BIBEDU |b BIBEDU |c BIBEDU_PB |d 2019-11-18 |i 158832K |o 189.4 GIL 1952 |p 158832K |r 2024-01-25 |w 2019-11-18 |y BK |k FIL | ||